[Event "Junior Grand Prix IV"]
[Site "Toronto CAN"]
[Date "2014.03.16"]
[Round "2"]
[White "Pobereshnikova, Agniya"]
[Black "Li, Kristen"]
[Result "1/2-1/2"]
[WhiteElo "1407"]
[BlackElo "1597"]
[PlyCount "120"]
[EventDate "2014.03.16"]
[EventType "swiss"]
[EventRounds "5"]
[EventCountry "CAN"]

1. e4 c5 2. Nf3 d6 3. d4 cxd4 4. Nxd4 Nf6 5. Nc3 a6 6. Bc4 e6 7. Bg5 Be7 8. Qd2
Qc7 9. Bb3 Bd7 10. O-O O-O 11. Rad1 Rd8 12. Rfe1 Nc6 13. Qe2 Na5 14. Kh1 Nxb3
15. axb3 Rac8 16. f4 e5 17. fxe5 dxe5 18. Nf3 b5 19. Rd2 Bc6 20. Red1 Rxd2 21.
Rxd2 h6 22. Bxf6 Bxf6 23. Nd5 Bxd5 24. exd5 Rd8 25. c4 Qc5 26. Rd1 Qb4 27. Rd3
bxc4 28. bxc4 Qxc4 29. b3 Qb5 30. Qe4 a5 31. g4 Qb4 32. Qxb4 axb4 33. Nd2 Kh7
34. Ne4 Kg6 35. Kg2 Bg5 36. Nxg5 Kxg5 37. Kg3 f5 38. h4+ Kf6 39. Rd2 f4+ 40.
Kf3 g5 41. h5 Rd6 42. Ke4 Rd7 43. Rd3 Rd8 44. Rd2 Rc8 45. d6 Ke6 46. Rd5 Rc3
47. Rxe5+ Kxd6 48. Rb5 Rxb3 49. Rb6+ Ke7 50. Rxh6 f3 51. Rh7+ Kf6 52. Rh6+ Kg7
53. Rg6+ Kf7 54. Rxg5 Rc3 55. h6 b3 56. Kd4 Rc8 57. Rf5+ Kg6 58. Rxf3 Rb8 59.
Rf1 Kxh6 60. Kc3 Kg5 1/2-1/2

[Event "Junior Grand Prix IV"]
[Site "Toronto CAN"]
[Date "2014.03.16"]
[Round "3"]
[White "Lei, Sean"]
[Black "Hanratty, Brian"]
[Result "1-0"]
[WhiteElo "1758"]
[BlackElo "1356"]
[PlyCount "83"]
[EventDate "2014.03.16"]
[EventType "swiss"]
[EventRounds "5"]
[EventCountry "CAN"]

1. Nf3 Nf6 2. d4 d5 3. e3 e6 4. Bd3 c5 5. b3 Nc6 6. Bb2 Bd7 7. Nbd2 Be7 8. Ne5
Nxe5 9. dxe5 Ng8 10. Qg4 Bg5 11. f4 Bh6 12. O-O Ne7 13. Rad1 b5 14. c3 c4 15.
Bb1 a5 16. Qe2 g6 17. Ba3 Qb6 18. Bxe7 Kxe7 19. Kh1 Bg7 20. e4 Rhd8 21. exd5
exd5 22. Nf3 Be6 23. Nd4 Ke8 24. f5 gxf5 25. Bxf5 Bxf5 26. Rxf5 Ra6 27. e6 Bxd4
28. exf7+ Kf8 29. Rxd4 Qe6 30. Qf2 Rd7 31. Rg4 Rxf7 32. Rxf7+ Qxf7 33. Rf4 Ra7
34. Rxf7+ Rxf7 35. Qc5+ Kg8 36. Qxd5 cxb3 37. Qxb3 b4 38. cxb4 axb4 39. g3 Kg7
40. Qxb4 h5 41. a4 h4 42. Qxh4 1-0

[Event "Junior Grand Prix IV"]
[Site "Toronto CAN"]
[Date "2014.03.16"]
[Round "3"]
[White "Minzak, Michael"]
[Black "Yong, Nathaniel"]
[Result "0-1"]
[WhiteElo "1110"]
[BlackElo "1193"]
[PlyCount "120"]
[EventDate "2014.03.16"]
[EventType "swiss"]
[EventRounds "5"]
[EventCountry "CAN"]

1. e4 e5 2. Nf3 Nc6 3. d4 exd4 4. Nxd4 Bc5 5. Be3 Qf6 6. c3 Nge7 7. Bc4 O-O 8.
f3 d6 9. Nd2 Ne5 10. Be2 Bb6 11. g4 N7g6 12. g5 Qe7 13. N2b3 Bh3 14. Qd2 Nh4
15. f4 Nd7 16. O-O-O Bg2 17. Rhg1 Bxe4 18. Qe1 Nf5 19. Nxf5 Bxf5 20. Bxb6 axb6
21. Bf3 Qxe1 22. Rdxe1 c6 23. h4 Rfe8 24. Rxe8+ Rxe8 25. h5 Re3 26. Nd4 Be4 27.
Bxe4 Rxe4 28. f5 g6 29. h6 Nc5 30. f6 Ne6 31. Kc2 Nxd4+ 32. cxd4 Kf8 33. Kd3 d5
34. Rg2 Ke8 35. b3 Kd7 36. b4 b5 37. Rg1 Ke6 38. Rf1 b6 39. Rh1 Kf5 40. Rc1 Re6
41. Rg1 Re4 42. Rc1 Kxg5 43. Rxc6 Kxh6 44. Rxb6 g5 45. Rxb5 g4 46. Rxd5 Re6 47.
Re5 Rxf6 48. a4 g3 49. Re1 Kg5 50. Rg1 Kg4 51. Ke2 h5 52. b5 h4 53. Rf1 Re6+
54. Kd3 g2 55. Rxf7 Rg6 56. b6 g1=Q 57. b7 Qb1+ 58. Kc4 Ra6 59. d5 Rb6 60. b8=Q
Rxb8 0-1

[Event "Junior Grand Prix IV"]
[Site "Toronto CAN"]
[Date "2014.03.16"]
[Round "4"]
[White "Li, Kristen"]
[Black "Lei, Sean"]
[Result "0-1"]
[WhiteElo "1597"]
[BlackElo "1758"]
[PlyCount "72"]
[EventDate "2014.03.16"]
[EventType "swiss"]
[EventRounds "5"]
[EventCountry "CAN"]

1. e4 e5 2. Nf3 Nf6 3. Nc3 Nc6 4. g3 Bb4 5. Bg2 d6 6. d3 Be6 7. Be3 h6 8. O-O
O-O 9. a3 Ba5 10. Nh4 Re8 11. Nf5 Bxf5 12. exf5 d5 13. Bd2 Qd7 14. b4 Bb6 15.
g4 e4 16. dxe4 dxe4 17. Re1 Rad8 18. Bf4 Qd4 19. Qxd4 Bxd4 20. Bd2 Nxg4 21. Re2
Nxf2 22. Kf1 e3 23. Be1 Bf6 24. Bxc6 bxc6 25. Rb1 Nh3 26. Rg2 Re5 27. Rg3 Rxf5+
28. Ke2 Nf4+ 29. Kxe3 Bg5 30. Ke4 Rf6 31. Rd1 Rxd1 32. Nxd1 Re6+ 33. Kf3 Rxe1
34. Nf2 Nd5 35. Kg2 Ne3+ 36. Kf3 Nxc2 0-1

[Event "Junior Grand Prix IV"]
[Site "Toronto CAN"]
[Date "2014.03.16"]
[Round "4"]
[White "Yong, Nathaniel"]
[Black "Atchuthananthan, Arun"]
[Result "1-0"]
[WhiteElo "1193"]
[BlackElo "1030"]
[PlyCount "91"]
[EventDate "2014.03.16"]
[EventType "swiss"]
[EventRounds "5"]
[EventCountry "CAN"]

1. e4 d5 2. exd5 Qxd5 3. Nc3 Qd6 4. Nf3 Nf6 5. Bc4 a6 6. O-O Bg4 7. b3 e6 8. a4
Be7 9. h3 Bh5 10. Ba3 Qd7 11. Bxe7 Qxe7 12. d4 O-O 13. Qd3 Bg6 14. Qd2 h6 15.
Ne5 Be4 16. Rfe1 Bc6 17. Rad1 Qb4 18. Nd3 Qd6 19. Qf4 Nbd7 20. Qxd6 cxd6 21.
Nb4 Rac8 22. d5 exd5 23. Ncxd5 Nxd5 24. Nxd5 Bxd5 25. Bxd5 Rc7 26. Re7 Rd8 27.
Rxf7 Kh8 28. Re1 Rc5 29. Bxb7 Re5 30. Rxe5 dxe5 31. Bxa6 Nc5 32. Bd3 Nxd3 33.
cxd3 Rb8 34. Re7 Rxb3 35. Rxe5 Rxd3 36. Re3 Rd5 37. Kf1 g5 38. Ke2 h5 39. Rd3
Re5+ 40. Kd2 Re4 41. a5 Ra4 42. Rd5 Kg7 43. Rxg5+ Kh6 44. Rd5 Kg7 45. Rxh5 Kg6
46. Rd5 1-0

[Event "Junior Grand Prix IV"]
[Site "Toronto CAN"]
[Date "2014.03.16"]
[Round "5"]
[White "Feng, Ruopan"]
[Black "Hanratty, Brian"]
[Result "0-1"]
[WhiteElo "1347"]
[BlackElo "1356"]
[PlyCount "96"]
[EventDate "2014.03.16"]
[EventType "swiss"]
[EventRounds "5"]
[EventCountry "CAN"]

1. e4 d6 2. d4 Nf6 3. Nc3 g6 4. Nf3 Bg7 5. h3 c6 6. Be3 O-O 7. Bd3 Nbd7 8. Qd2
b5 9. O-O Re8 10. Ne2 Nb6 11. Ng3 Bb7 12. Rad1 Nc4 13. Bxc4 bxc4 14. c3 Qc7 15.
Bh6 Bh8 16. Rfe1 Nd7 17. Ng5 e6 18. Qf4 f6 19. Nf3 e5 20. Qg4 Bc8 21. Nh4 exd4
22. cxd4 Ne5 23. Qe2 Nd3 24. Rf1 d5 25. b3 Ba6 26. Qg4 Bc8 27. Qe2 f5 28. bxc4
dxc4 29. Qc2 fxe4 30. Qxc4+ Be6 31. Qc2 Bd5 32. Qc3 c5 33. Ne2 Bxa2 34. f3 Qe7
35. fxe4 Qxe4 36. Qxd3 Qxh4 37. Qd2 Bf7 38. dxc5 Rad8 39. Qg5 Qxg5 40. Bxg5
Rxd1 41. Rxd1 Rxe2 42. c6 Be5 43. Bh6 Be8 44. Rf1 Bd4+ 45. Kh2 Rf2 46. c7 Be5+
47. Kg1 Rxf1+ 48. Kxf1 Bxc7 0-1

[Event "Junior Grand Prix IV"]
[Site "Toronto CAN"]
[Date "2014.03.16"]
[Round "5"]
[White "Peng, Sarah"]
[Black "Yong, Nathaniel"]
[Result "1-0"]
[WhiteElo "1095"]
[BlackElo "1193"]
[PlyCount "40"]
[EventDate "2014.03.16"]
[EventType "swiss"]
[EventRounds "5"]
[EventCountry "CAN"]

1. e4 e5 2. Nf3 Nc6 3. Bc4 Bc5 4. Nc3 Nf6 5. d3 h6 6. a3 d6 7. h3 Be6 8. Bxe6
fxe6 9. Qe2 Qe7 10. Be3 Bb6 11. O-O-O O-O-O 12. Bxb6 axb6 13. d4 exd4 14. Nxd4
Nxd4 15. Rxd4 e5 16. Ra4 Kb8 17. Qc4 Nd7 18. Nd5 Qg5+ 19. f4 Qxf4+ 20. Nxf4
exf4 1-0

[Event "Junior Grand Prix IV"]
[Site "Toronto CAN"]
[Date "2014.03.16"]
[Round "5"]
[White "Yang, Kai Wen"]
[Black "Sydykhanov, Arman"]
[Result "1-0"]
[WhiteElo "1076"]
[BlackElo "986"]
[PlyCount "93"]
[EventDate "2014.03.16"]
[EventType "swiss"]
[EventRounds "5"]
[EventCountry "CAN"]

1. d4 d5 2. c4 e6 3. Nc3 Nf6 4. Bg5 Bb4 5. e3 O-O 6. Bd3 dxc4 7. Bxc4 Nbd7 8.
Nge2 b6 9. O-O h6 10. Bh4 Bb7 11. e4 Qc8 12. e5 Nd5 13. Nxd5 Bxd5 14. Bxd5 exd5
15. a3 g5 16. axb4 gxh4 17. Nf4 Qd8 18. Nxd5 c6 19. Ne3 c5 20. dxc5 bxc5 21.
bxc5 Nxe5 22. Qxd8 Rfxd8 23. Rfd1 Rxd1+ 24. Rxd1 Rc8 25. b4 Rb8 26. f4 Nc6 27.
Rb1 Rxb4 28. Rxb4 Nxb4 29. Nc2 Nc6 30. Kf2 Kf8 31. Ke3 Ke7 32. Ke4 Ke6 33. f5+
Ke7 34. Kd5 Kd7 35. f6 a5 36. Na3 Nb4+ 37. Kc4 Kc6 38. Nb5 Nd5 39. Nd4+ Kb7 40.
Kxd5 a4 41. Nc2 h5 42. h3 Kc7 43. c6 Kc8 44. Kd6 Kd8 45. c7+ Kc8 46. Ke7 Kxc7
47. Kxf7 1-0

[Event "Keres"]
[Site "Charlesbourg CAN"]
[Date "2014.04.28"]
[Round "1"]
[White "Fecteau, Martin"]
[Black "Gaudreau, Eric"]
[Result "1-0"]
[WhiteElo "1956"]
[BlackElo "1660"]
[PlyCount "64"]
[EventDate "2014.04.28"]
[EventType "swiss"]
[EventRounds "5"]
[EventCountry "CAN"]

1. c4 c5 2. Nc3 Nc6 3. g3 Nf6 4. Bg2 e6 5. Nf3 d5 6. cxd5 exd5 7. d3 d4 8. Nb1
Bd6 9. O-O O-O 10. Na3 a6 11. Nc4 Bc7 12. a4 Be6 13. b3 Bd5 14. Bd2 Nh5 15. Rc1
f5 16. e3 Nf6 17. exd4 Nxd4 18. Bc3 Nxf3+ 19. Bxf3 Bxf3 20. Qxf3 Qd5 21. Qxd5+
Nxd5 22. Be5 Bxe5 23. Nxe5 b6 24. f4 Rfd8 25. a5 bxa5 26. Rxc5 Nb4 27. Rd1 Rac8
28. Rc4 Nd5 29. Rdc1 Rxc4 30. bxc4 Nb4 31. Rc3 Kf8 32. Kf2 Rb8 1-0

[Event "Keres"]
[Site "Charlesbourg CAN"]
[Date "2014.05.12"]
[Round "2"]
[White "Coulon, Dominic"]
[Black "Garneau, Benoit"]
[Result "0-1"]
[WhiteElo "1831"]
[BlackElo "1911"]
[PlyCount "30"]
[EventDate "2014.04.28"]
[EventType "swiss"]
[EventRounds "5"]
[EventCountry "CAN"]

1. e4 c5 2. Nf3 Nc6 3. d4 cxd4 4. Nxd4 Nf6 5. Nc3 g6 6. Be3 Bg7 7. f3 O-O 8.
Bc4 Qb6 9. a3 Nxe4 10. Nd5 Qxb2 11. Nxc6 dxc6 12. Nxe7+ Kh8 13. fxe4 Qc3+ 14.
Kf2 Qxc4 15. Qd6 Bg4 0-1

[Event "Keres"]
[Site "Charlesbourg CAN"]
[Date "2014.05.19"]
[Round "3"]
[White "Garneau, Benoit"]
[Black "May, Oliver"]
[Result "1-0"]
[WhiteElo "1911"]
[BlackElo "1765"]
[PlyCount "49"]
[EventDate "2014.04.28"]
[EventType "swiss"]
[EventRounds "5"]
[EventCountry "CAN"]

1. e4 c5 2. Nc3 Nc6 3. f4 e6 4. Nf3 g6 5. Bb5 Nge7 6. d4 cxd4 7. Nxd4 Bg7 8. e5
a6 9. Bxc6 dxc6 10. Ne4 O-O 11. Be3 Nd5 12. Qe2 Nxf4 13. Bxf4 Qxd4 14. Rd1 Qxb2
15. O-O Qb6+ 16. Kh1 Qc7 17. Nf6+ Kh8 18. Rd3 Rd8 19. Rh3 Bxf6 20. exf6 Qd7 21.
Qg4 Qe8 22. Bh6 e5 23. Bg7+ Kg8 24. Rxh7 Bxg4 25. Rh8# 1-0

[Event "Keres"]
[Site "Charlesbourg CAN"]
[Date "2014.05.19"]
[Round "4"]
[White "Lapierre, Gaetan"]
[Black "Garneau, Benoit"]
[Result "1-0"]
[WhiteElo "1929"]
[BlackElo "1911"]
[PlyCount "59"]
[EventDate "2014.04.28"]
[EventType "swiss"]
[EventRounds "5"]
[EventCountry "CAN"]

1. d4 g6 2. e4 Bg7 3. c4 c5 4. d5 d6 5. Be2 Nf6 6. Nc3 O-O 7. Nf3 a6 8. O-O Bg4
9. Ne1 Bxe2 10. Qxe2 Nbd7 11. f4 Qc7 12. a4 Rae8 13. Nf3 e6 14. Qd3 exd5 15.
exd5 Re7 16. Bd2 Rfe8 17. Rae1 Rxe1 18. Rxe1 Qd8 19. Rxe8+ Qxe8 20. h3 Nh5 21.
g4 Ng3 22. Kf2 Bxc3 23. Kxg3 Bxd2 24. Nxd2 Qe1+ 25. Kg2 f5 26. gxf5 g5 27. Nf3
Qc1 28. Qe2 Qxf4 29. Qe6+ Kh8 30. Qxd7 1-0

[Event "Keres"]
[Site "Charlesbourg CAN"]
[Date "2014.06.02"]
[Round "5"]
[White "Garneau, Benoit"]
[Black "Fecteau, Martin"]
[Result "1-0"]
[WhiteElo "1911"]
[BlackElo "1956"]
[PlyCount "75"]
[EventDate "2014.04.28"]
[EventType "swiss"]
[EventRounds "5"]
[EventCountry "CAN"]

1. e4 c5 2. Nc3 e6 3. f4 a6 4. Nf3 Nc6 5. g3 g6 6. d3 Bg7 7. Bg2 d6 8. Be3 Nd4
9. O-O Ne7 10. Qd2 O-O 11. Rae1 Rb8 12. Qf2 Nec6 13. g4 Nxf3+ 14. Bxf3 Nd4 15.
Bg2 b5 16. f5 b4 17. Nd1 exf5 18. exf5 gxf5 19. c3 f4 20. Bxf4 Ne6 21. Bg3 bxc3
22. bxc3 Bb7 23. Be4 Bxe4 24. dxe4 Qd7 25. Ne3 Bxc3 26. Nd5 Bg7 27. Nf6+ Bxf6
28. Qxf6 Rb6 29. Rf5 Qd8 30. Qh6 f6 31. Ref1 Ng7 32. Rxf6 Rxf6 33. Rxf6 Rb1+
34. Kg2 c4 35. Bxd6 c3 36. Rf8+ Qxf8 37. Bxf8 Kxf8 38. Qf6+ 1-0

[Event "Khalif"]
[Site "Charlesbourg CAN"]
[Date "2014.03.24"]
[Round "1"]
[White "Cote, Jocelyn"]
[Black "Bahadi, Khalid"]
[Result "0-1"]
[WhiteElo "1740"]
[BlackElo "2079"]
[PlyCount "59"]
[EventDate "2014.03.24"]
[EventType "swiss"]
[EventRounds "5"]
[EventCountry "CAN"]

1. e4 e5 2. Nf3 Nc6 3. Bc4 Nf6 4. Nc3 Nxe4 5. Nxe4 d5 6. Bd3 dxe4 7. Bxe4 Bd6
8. O-O O-O 9. c4 f5 10. Bxc6 bxc6 11. c5 Bxc5 12. Nxe5 Re8 13. Qb3+ Be6 14. Qg3
Qd4 15. d3 Bd6 16. Bf4 Bd5 17. Rfe1 Qxb2 18. a4 Rab8 19. h4 Rb4 20. Rab1 Qxb1
21. Rxb1 Rxb1+ 22. Kh2 Rb4 23. Nc4 Be7 24. Be5 g6 25. f4 Rxa4 26. Bxc7 Ra2 27.
Ne3 Bxh4 28. Qxh4 Rxe3 29. Qd8+ Kf7 30. Qd7+ 0-1

[Event "Khalif"]
[Site "Charlesbourg CAN"]
[Date "2014.03.24"]
[Round "1"]
[White "Dorion, Francois"]
[Black "Beaudoin, Stephane"]
[Result "0-1"]
[WhiteElo "1685"]
[BlackElo "2044"]
[PlyCount "46"]
[EventDate "2014.03.24"]
[EventType "swiss"]
[EventRounds "5"]
[EventCountry "CAN"]

1. b3 g6 2. Bb2 Nf6 3. e4 Bg7 4. d3 O-O 5. g3 c5 6. Bg2 Nc6 7. Ne2 d5 8. exd5
Nb4 9. O-O Nbxd5 10. Nd2 Bg4 11. h3 Be6 12. a4 Qd7 13. Kh2 Ng4+ 14. hxg4 Bxb2
15. Rb1 Bg7 16. Ne4 Rac8 17. c4 Nb4 18. Nf4 Bxg4 19. f3 Bf5 20. g4 Be5 21. gxf5
Qxf5 22. Bh3 Qxf4+ 23. Kg2 Qh2# 0-1

[Event "Khalif"]
[Site "Charlesbourg CAN"]
[Date "2014.03.24"]
[Round "1"]
[White "Theriault, Francis"]
[Black "Garneau, Benoit"]
[Result "0-1"]
[WhiteElo "1549"]
[BlackElo "1927"]
[PlyCount "42"]
[EventDate "2014.03.24"]
[EventType "swiss"]
[EventRounds "5"]
[EventCountry "CAN"]

1. e4 c5 2. Nf3 Nc6 3. d4 cxd4 4. Nxd4 Nf6 5. Nc3 g6 6. Be2 Bg7 7. Be3 O-O 8.
Nb3 d6 9. Qd2 Ng4 10. Bxg4 Bxg4 11. f3 Be6 12. Bh6 Rc8 13. Bxg7 Kxg7 14. Nd4
Qb6 15. Nxe6+ fxe6 16. O-O-O Qa5 17. h4 h6 18. f4 b5 19. h5 b4 20. Nb1 Qxa2 21.
hxg6 Na5 0-1

[Event "Khalif"]
[Site "Charlesbourg CAN"]
[Date "2014.03.24"]
[Round "1"]
[White "Tremblay, Rejean"]
[Black "Robitaille, Denis"]
[Result "1-0"]
[WhiteElo "2199"]
[BlackElo "1809"]
[PlyCount "37"]
[EventDate "2014.03.24"]
[EventType "swiss"]
[EventRounds "5"]
[EventCountry "CAN"]

1. Nf3 g6 2. c4 f5 3. Nc3 Nf6 4. g3 Bg7 5. Bg2 d6 6. d4 O-O 7. O-O Qe8 8. d5 a5
9. Re1 Na6 10. e4 fxe4 11. Nxe4 Nxe4 12. Rxe4 Nc5 13. Re1 Bg4 14. h3 Bxf3 15.
Bxf3 Qf7 16. Kg2 Qf5 17. Rxe7 Nd3 18. Qe2 Be5 19. Bh6 1-0

[Event "Khalif"]
[Site "Charlesbourg CAN"]
[Date "2014.03.24"]
[Round "1"]
[White "Tremblay-Alix, Eric"]
[Black "Pelletier, Daniel"]
[Result "1-0"]
[WhiteElo "1865"]
[BlackElo "1372"]
[PlyCount "59"]
[EventDate "2014.03.24"]
[EventType "swiss"]
[EventRounds "5"]
[EventCountry "CAN"]

1. c4 e6 2. Nc3 Nf6 3. e4 d6 4. d4 c6 5. Nf3 Be7 6. Be2 O-O 7. O-O b6 8. Qc2
Qc7 9. e5 dxe5 10. Nxe5 Na6 11. Bf4 Bd6 12. Bf3 Bb7 13. Rfe1 Nb8 14. Ne4 Nxe4
15. Bxe4 f5 16. Bf3 Qe7 17. d5 c5 18. Nd3 Bxf4 19. Rxe6 Bxh2+ 20. Kxh2 Qh4+ 21.
Kg1 Nd7 22. Rae1 Nf6 23. Ne5 Ng4 24. Nxg4 fxg4 25. g3 Qh5 26. R1e5 Qf7 27. Bxg4
Bc8 28. Bh5 Qc7 29. Re7 Bd7 30. Rxg7+ 1-0

[Event "Khalif"]
[Site "Charlesbourg CAN"]
[Date "2014.03.31"]
[Round "2"]
[White "Bahadi, Khalid"]
[Black "Lapierre, Gaetan"]
[Result "1-0"]
[WhiteElo "2079"]
[BlackElo "1936"]
[PlyCount "74"]
[EventDate "2014.03.24"]
[EventType "swiss"]
[EventRounds "5"]
[EventCountry "CAN"]

1. e4 e5 2. Nf3 Nc6 3. Bc4 Be7 4. O-O d6 5. c3 Nf6 6. Re1 O-O 7. d4 exd4 8.
cxd4 Nxe4 9. d5 Nc5 10. dxc6 bxc6 11. Nd4 Bd7 12. b4 Nb7 13. Bb3 Bf6 14. Nc3 a5
15. bxa5 Nxa5 16. Bc2 Re8 17. Nde2 g6 18. Rb1 d5 19. Be3 Nc4 20. Bd4 Na3 21.
Rc1 Be7 22. Ng3 c5 23. Rxe7 cxd4 24. Rxe8+ Qxe8 25. Nxd5 Qe5 26. Ne4 Nxc2 27.
Qxc2 Kg7 28. Nxc7 Rc8 29. f3 f5 30. Qc5 Qxc5 31. Nxc5 Rxc7 32. Ne6+ Bxe6 33.
Rxc7+ Kf6 34. a3 f4 35. Rxh7 d3 36. Kf2 Bb3 37. Ke1 g5 1-0

[Event "Khalif"]
[Site "Charlesbourg CAN"]
[Date "2014.03.31"]
[Round "2"]
[White "Beauchesne, Jonathan"]
[Black "May, Oliver"]
[Result "0-1"]
[WhiteElo "1715"]
[BlackElo "1725"]
[PlyCount "82"]
[EventDate "2014.03.24"]
[EventType "swiss"]
[EventRounds "5"]
[EventCountry "CAN"]

1. e4 e5 2. Nf3 Nc6 3. Bb5 a6 4. Ba4 b5 5. Bb3 Bc5 6. O-O d6 7. c3 Bg4 8. d3
Nge7 9. Bg5 h6 10. Be3 O-O 11. Qe2 Ng6 12. Bxc5 dxc5 13. h3 Nf4 14. Qe3 Bxf3
15. Qxf3 Ne7 16. Rd1 Neg6 17. Kh2 Nh4 18. Qg4 Nhxg2 19. Bd5 Nxd5 20. exd5 Nf4
21. Rg1 Qf6 22. Nd2 Nxd3 23. Ne4 Qf4+ 24. Qxf4 Nxf4 25. Nxc5 Nxd5 26. Rad1 Nb6
27. Nd7 Nxd7 28. Rxd7 Rac8 29. Rgd1 g6 30. R1d5 Rfe8 31. Rc5 Re6 32. Rcxc7 Rxc7
33. Rxc7 f5 34. Rd7 g5 35. Kg2 e4 36. Rd2 Kf7 37. b3 Ke7 38. Kf1 e3 39. fxe3
Rxe3 40. Re2 Rxe2 41. Kxe2 g4 0-1

[Event "Khalif"]
[Site "Charlesbourg CAN"]
[Date "2014.03.31"]
[Round "2"]
[White "Beaudoin, Stephane"]
[Black "Lamontagne, Danny"]
[Result "1-0"]
[WhiteElo "2044"]
[BlackElo "1915"]
[PlyCount "40"]
[EventDate "2014.03.24"]
[EventType "swiss"]
[EventRounds "5"]
[EventCountry "CAN"]

1. e4 c5 2. Nf3 g6 3. Bc4 Nc6 4. O-O Bg7 5. c3 e6 6. d4 cxd4 7. cxd4 d5 8. exd5
exd5 9. Bb5 Nge7 10. Bxc6+ Nxc6 11. Bg5 Qb6 12. Nc3 Be6 13. Na4 Qb4 14. a3 Qb5
15. Rc1 O-O 16. Rc5 Qa6 17. b4 b5 18. Nc3 Rfc8 19. Nxb5 h6 20. Bf4 Bf8 1-0

[Event "Khalif"]
[Site "Charlesbourg CAN"]
[Date "2014.03.31"]
[Round "2"]
[White "Garneau, Benoit"]
[Black "Tremblay, Rejean"]
[Result "0-1"]
[WhiteElo "1927"]
[BlackElo "2199"]
[PlyCount "58"]
[EventDate "2014.03.24"]
[EventType "swiss"]
[EventRounds "5"]
[EventCountry "CAN"]

1. e4 e6 2. d3 c5 3. Nf3 Nc6 4. g3 d5 5. Nbd2 Nf6 6. Bg2 Be7 7. O-O O-O 8. e5
Nd7 9. Re1 a5 10. h4 a4 11. Nf1 Ra6 12. N1h2 f6 13. exf6 Nxf6 14. Bf4 Bd6 15.
Ne5 Nxe5 16. Bxe5 Bxe5 17. Rxe5 Qc7 18. Qe2 Rb6 19. c4 dxc4 20. dxc4 Rb4 21. f4
Qb6 22. Rb1 Rd8 23. Bh3 Qd6 24. Nf3 Qd3 25. Rc1 Qxe2 26. Rxe2 h6 27. g4 Rd3 28.
Kf2 b6 29. a3 Rbb3 0-1

[Event "Khalif"]
[Site "Charlesbourg CAN"]
[Date "2014.03.31"]
[Round "2"]
[White "Laflamme, Simon"]
[Black "Tremblay-Alix, Eric"]
[Result "1-0"]
[WhiteElo "1958"]
[BlackElo "1865"]
[PlyCount "109"]
[EventDate "2014.03.24"]
[EventType "swiss"]
[EventRounds "5"]
[EventCountry "CAN"]

1. e4 e6 2. d4 d5 3. Nc3 Nf6 4. Bg5 dxe4 5. Nxe4 Be7 6. Nxf6+ Bxf6 7. h4 Bxg5
8. hxg5 Qxg5 9. Nf3 Qe7 10. Qd2 Nc6 11. O-O-O Bd7 12. Bd3 O-O-O 13. Kb1 h6 14.
c4 Nb4 15. Be2 Bc6 16. Qe3 Qf6 17. Ne1 Qg6+ 18. Ka1 Qxg2 19. Rh3 Qe4 20. Qd2
Rxd4 21. Qxd4 Qxe2 22. Rc3 e5 23. Qd2 Qxd2 24. Rxd2 a5 25. a3 Na6 26. Re3 f6
27. Nd3 Rd8 28. Rde2 Rd4 29. b3 Bd7 30. Kb2 g5 31. Kc3 c5 32. Re1 Bc6 33. Rh3
Be4 34. Ree3 Kd7 35. Rxh6 Ke7 36. Rh8 Bc6 37. Rh6 Kf7 38. Reh3 Be4 39. Re3 Kg7
40. Rh2 Bg6 41. Rg2 Rd8 42. Reg3 Be4 43. Rg1 Kg6 44. Re1 Kf5 45. Ree3 g4 46.
Rg1 Bf3 47. Ne1 Bc6 48. Reg3 Rd4 49. Nc2 Bf3 50. Ne3+ Ke4 51. Nxg4 Rd3+ 52. Kc2
f5 53. Re1+ Kd4 54. Nxe5 Rc3+ 55. Kb2 1-0

[Event "Khalif"]
[Site "Charlesbourg CAN"]
[Date "2014.04.07"]
[Round "3"]
[White "Lessard, Claude"]
[Black "Bahadi, Khalid"]
[Result "1-0"]
[WhiteElo "2071"]
[BlackElo "2079"]
[PlyCount "69"]
[EventDate "2014.03.24"]
[EventType "swiss"]
[EventRounds "5"]
[EventCountry "CAN"]

1. d4 d5 2. c4 e6 3. Nc3 c6 4. Nf3 Nf6 5. e3 Nbd7 6. Qc2 Bb4 7. Bd3 dxc4 8.
Bxc4 Nd5 9. O-O O-O 10. e4 Ne7 11. e5 Nf5 12. Ne4 Nb6 13. Rd1 Nxc4 14. Qxc4 Be7
15. Bf4 h6 16. h3 Nh4 17. Nh2 g5 18. Be3 Kg7 19. Ng4 Qd5 20. Qc2 f5 21. exf6+
Bxf6 22. f3 Nf5 23. Ngxf6 Rxf6 24. Nxf6 Kxf6 25. Bf2 b6 26. Qe4 Qb5 27. a4 Qd5
28. Qxd5 exd5 29. g4 Ne7 30. Bg3 Ng6 31. Re1 Bd7 32. a5 b5 33. b4 a6 34. Rf1
Rg8 35. f4 1-0

[Event "Khalif"]
[Site "Charlesbourg CAN"]
[Date "2014.04.07"]
[Round "3"]
[White "Tremblay, Rejean"]
[Black "Beaudoin, Stephane"]
[Result "0-1"]
[WhiteElo "2199"]
[BlackElo "2044"]
[PlyCount "98"]
[EventDate "2014.03.24"]
[EventType "swiss"]
[EventRounds "5"]
[EventCountry "CAN"]

1. d4 Nf6 2. c4 g6 3. Nc3 Bg7 4. e4 d6 5. Be2 O-O 6. Nf3 c5 7. O-O cxd4 8. Nxd4
Nc6 9. Be3 Bd7 10. Rc1 a6 11. a3 Rc8 12. Nxc6 Bxc6 13. f3 Ne8 14. b4 Bd7 15.
Nd5 Bc6 16. Nb6 Rb8 17. Qb3 Nc7 18. a4 Ne6 19. Rcd1 Nf4 20. Bxf4 Qxb6+ 21. Be3
Qc7 22. a5 Bd7 23. Bb6 Qc8 24. Rc1 Be6 25. Qe3 Qe8 26. b5 Rc8 27. Rfd1 Bb2 28.
Rc2 Bg7 29. Kh1 axb5 30. c5 b4 31. Bc4 Bxc4 32. Rxc4 Qb5 33. Qb3 dxc5 34. Rd5
e6 35. Rd1 Rc6 36. h3 Rfc8 37. f4 Rxb6 38. axb6 Qxb6 39. Rc2 Qc6 40. e5 Qe4 41.
Rc4 Qe2 42. Rdc1 Bh6 43. Qa4 Qd2 44. Rd1 b5 45. Qa1 Qe3 46. Qa6 Rf8 47. Qxb5
Qe2 48. Ra1 Bxf4 49. Qxc5 Bxe5 0-1

[Event "Khalif"]
[Site "Charlesbourg CAN"]
[Date "2014.04.14"]
[Round "4"]
[White "Beaudoin, Stephane"]
[Black "Lessard, Claude"]
[Result "1-0"]
[WhiteElo "2044"]
[BlackElo "2071"]
[PlyCount "38"]
[EventDate "2014.03.24"]
[EventType "swiss"]
[EventRounds "5"]
[EventCountry "CAN"]

1. e4 c5 2. Nf3 d6 3. d4 cxd4 4. Nxd4 Nf6 5. Nc3 a6 6. Bc4 e6 7. Qe2 b5 8. Bb3
Bb7 9. Bg5 Nbd7 10. O-O-O Qc7 11. f4 b4 12. Nd5 exd5 13. exd5+ Kd8 14. Rhe1 Qc5
15. Qe8+ Kc7 16. Qxf7 Kb6 17. Ne6 Qb5 18. Bxf6 Nxf6 19. Qc7+ Ka7 1-0

[Event "Khalif"]
[Site "Charlesbourg CAN"]
[Date "2014.04.14"]
[Round "4"]
[White "Garneau, Benoit"]
[Black "Boies, Dominique"]
[Result "1-0"]
[WhiteElo "1927"]
[BlackElo "1537"]
[PlyCount "45"]
[EventDate "2014.03.24"]
[EventType "swiss"]
[EventRounds "5"]
[EventCountry "CAN"]

1. Nf3 b6 2. e4 Bb7 3. Nc3 e6 4. d4 Bb4 5. Bd3 Nf6 6. e5 Ne4 7. Bd2 Nxd2 8.
Nxd2 Qg5 9. Qe2 Qxg2 10. O-O-O Bxc3 11. bxc3 Qh3 12. Rhg1 g6 13. Rg3 Qh6 14.
Kb2 a5 15. Be4 Bxe4 16. Nxe4 Qf8 17. d5 Na6 18. dxe6 fxe6 19. Nf6+ Kd8 20.
Rxd7+ Kc8 21. Qb5 Nc5 22. Qc6 Ra7 23. Rxc7+ 1-0

[Event "Khalif"]
[Site "Charlesbourg CAN"]
[Date "2014.04.14"]
[Round "4"]
[White "Lapierre, Gaetan"]
[Black "Tremblay, Rejean"]
[Result "0-1"]
[WhiteElo "1936"]
[BlackElo "2199"]
[PlyCount "38"]
[EventDate "2014.03.24"]
[EventType "swiss"]
[EventRounds "5"]
[EventCountry "CAN"]

1. e4 c5 2. Nc3 d6 3. g3 g6 4. Bg2 Bg7 5. Nf3 Nc6 6. d3 Rb8 7. O-O Nf6 8. d4
cxd4 9. Nxd4 Nxe4 10. Nxc6 Nxc3 11. bxc3 bxc6 12. Bxc6+ Bd7 13. Bxd7+ Qxd7 14.
Qd3 O-O 15. a4 Rfc8 16. Bd2 Rb7 17. Rfe1 Qf5 18. Ra3 e6 19. Rb3 Qxd3 0-1